Aku Jane, kau Tarzan : Mendamaikan pertelingkahan jantina dalam rimba koporat

Bibliographic Details
Format: Book
Published: Kuala Lumpur : Synergy Publishing Co
Subjects:

MARC

LEADER 00000cam a2200000 7i4500
001 0000012024
005 20071123.0
008 071123
020 |a 9831971140 
090 0 0 |a 153.1534   |b AKU 
245 1 0 |a Aku Jane, kau Tarzan :   |b Mendamaikan pertelingkahan jantina dalam rimba koporat 
260 |a Kuala Lumpur :   |b Synergy Publishing Co 
650 0 |a Learning psychology 
650 0 |a Malay fiction 
650 0 |a Motivation 
999 |a 0001004599   |b Book   |c Adult Collection   |e Perbadanan Perpustakaan Awam Johor 
999 |a 0001004600   |b Book   |c Adult Collection   |e Perbadanan Perpustakaan Awam Johor 
999 |a 0001004602   |b Book   |c Adult Collection   |e Cawangan Batu Pahat